000 00653nam a22002417a 4500
001 BR9602370
003 BR-BrBNA
005 20230928094958.0
007 ta
008 230509b bl.||||| |||| 00| 0 por d
040 _aBR-BrBNA
_bpor
_cBiblioteca Nacional de Agricultura
041 _a(Por)
072 _aH01
090 _ H01 BR9602370
110 1 _aDelegacia Federal de Agricultura no Rio de janeiro, RJ (Brasil)
_93123
245 1 _aInformativo tecnico
260 3 _aRio de Janeiro, RJ (Brasil):
_bUney,
_c1983.
300 _a16 p.
500 _a7 ref.
650 _aDefesa Vegetal
909 _a202309
_bLucia
_c55
_dLucia Elande
942 _cBK
999 _c53798
_d53798